<The> New Definition of Related Parties in Terms of Accounting
Významná úloha ľudského faktora pri oceňovaní. Charakteristika závislej osoby v zákone o dani z príjmov. Ekonomické a personálne prepojenie osôb. Niektoré zmeny v zákone o dani z príjmov, ktoré sa týkajú transferového oceňovania.
Saved in:
| Main Author: | |
|---|---|
| Format: | Book Chapter |
| Language: | Slovak |
| Subjects: | |
| Tags: |
No Tags, Be the first to tag this record!
|
MARC
| LEADER | 00000naa$a2200000$$$4500 | ||
|---|---|---|---|
| 001 | 0248028 | ||
| 005 | 20240502083703.4 | ||
| 041 | 0 | |a slo | |
| 044 | |a CZ | ||
| 245 | 1 | 0 | |a <The> New Definition of Related Parties in Terms of Accounting |c Katarína Máziková |
| 520 | |a Významná úloha ľudského faktora pri oceňovaní. Charakteristika závislej osoby v zákone o dani z príjmov. Ekonomické a personálne prepojenie osôb. Niektoré zmeny v zákone o dani z príjmov, ktoré sa týkajú transferového oceňovania. | ||
| 610 | 2 | 0 | |a oceňovanie transferové |
| 610 | 2 | 0 | |a osoby závislé |
| 610 | 2 | 0 | |a legislatíva |
| 610 | 2 | 0 | |a novelizácia |
| 610 | 2 | 0 | |a dane z príjmov |
| 100 | 1 | |a Máziková, Katarína | |